| 000 | 00670nam a22001937a 4500 | ||
|---|---|---|---|
| 005 | 20240321123017.0 | ||
| 008 | 090826t xxu||||| |||| 00| 0 eng d | ||
| 010 | _aENG-139814 | ||
| 020 |
_a978990746125 _c1028.00 |
||
| 035 | _aEN-123346 | ||
| 037 | _bDBAD/PUB | ||
| 082 | _a305.2420967 | ||
| 100 |
_aJembi Henry _963778 |
||
| 245 |
_aAfrican Youth Leadership/ _cBy Henry Jembi And Samson Lokou |
||
| 260 |
_bExceller Books _aBelgharia _c2012 |
||
| 270 |
_aG1, Dream Apartment , Degree College Road _bKolkata _e700056 |
||
| 300 |
_a98pg; _c22cm(pbk) |
||
| 942 |
_2ddc _cEN _h305.2420967 _mJEM |
||
| 999 |
_c201703 _d201703 |
||